INDIAN BAR REVIEW Vol. XLII(2) 2015 (APRIL TO JUNE) (Record no. 7413)

MARC details
000 -LEADER
fixed length control field 00376nam a22001337a 4500
005 - DATE AND TIME OF LATEST TRANSACTION
control field 20200710130000.0
008 - FIXED-LENGTH DATA ELEMENTS--GENERAL INFORMATION
fixed length control field 200710b xxu||||| |||| 00| 0 eng d
082 ## - DEWEY DECIMAL CLASSIFICATION NUMBER
Classification number 345.4005 BHA-I
100 ## - MAIN ENTRY--AUTHOR NAME
Personal name BHATT , VIJAY
245 ## - TITLE STATEMENT
Title INDIAN BAR REVIEW Vol. XLII(2) 2015 (APRIL TO JUNE)
260 ## - PUBLICATION, DISTRIBUTION, ETC. (IMPRINT)
Place of publication NEW DELHI
Name of publisher BAR COUNCIL OF INDIA TRUST
Year of publication 2015
650 ## - SUBJECT ADDED ENTRY--TOPICAL TERM
Topical Term LAW
942 ## - ADDED ENTRY ELEMENTS (KOHA)
Koha item type Journals/Serial
Holdings
Lost status Damaged status Collection code Home library Current library Shelving location Date acquired Source of acquisition Cost, normal purchase price Full call number Accession Number Koha item type
    LAW JRU Library JRU Library SHELF-33-B 22/07/2020 PURCHASE 16000.00 345.4005 BHA-I 25000 Journals/Serial
    LAW JRU Library JRU Library SHELF-33-B 22/07/2020 PURCHASE 16000.00 345.4005 BHA-I 25001 Journals/Serial
    LAW JRU Library JRU Library SHELF-33-B 22/07/2020 PURCHASE 16000.00 345.4005 BHA-I 25002 Journals/Serial
      JRU Library     22/07/2020 PURCHASE 16000.00 345.4005 BHA-I 25003 Journals/Serial
    LAW JRU Library JRU Library SHELF-33-B 22/07/2020 PURCHASE 16000.00 345.4005 BHA-I 25004 Journals/Serial
    LAW JRU Library JRU Library SHELF-33-B 22/07/2020 PURCHASE 16000.00 345.4005 BHA-I 25005 Journals/Serial
    LAW JRU Library JRU Library SHELF-33-B 22/07/2020 PURCHASE 16000.00 345.4005 BHA-I 25006 Journals/Serial
    LAW JRU Library JRU Library SHELF-33-B 22/07/2020 PURCHASE 16000.00 345.4005 BHA-I 25007 Journals/Serial
    LAW JRU Library JRU Library SHELF-33-B 22/07/2020 PURCHASE 16000.00 345.4005 BHA-I 25008 Journals/Serial
    LAW JRU Library JRU Library SHELF-33-B 22/07/2020 PURCHASE 16000.00 345.4005 BHA-I 25009 Journals/Serial